|
|
|
|
| LEADER |
00818nab a2200205 i 4500 |
| 001 |
publ33735 |
| 005 |
20250603132911.0 |
| 008 |
250603s1978 hu o 000 eng d |
| 022 |
|
|
|a 0375-9660
|
| 024 |
7 |
|
|a 12028
|2 mtmt
|
| 040 |
|
|
|a SZTE Publicatio Repozitórium
|b hun
|
| 041 |
|
|
|a eng
|
| 100 |
1 |
|
|a Kovács L. Gábor
|
| 245 |
1 |
0 |
|a ВЛИЯНИЕ КОРТИКОСТЕРОНА НА МЕТАБОЛИЗМ СЕРОТОНИНА В МОЗГЕ КРЫС [THE INFLUENCE OF CORTICOSTERONE ON THE SEROTONIN METABOLISM IN THE BRAIN OF RATS]
|h [elektronikus dokumentum] /
|c Kovács L. Gábor
|
| 260 |
|
|
|c 1978
|
| 300 |
|
|
|a 97-102
|
| 490 |
0 |
|
|a PROBLEMY ENDOKRINOLOGII
|v 24
|
| 650 |
|
4 |
|a Általános orvostudomány
|
| 700 |
0 |
1 |
|a Telegdy Gyula
|e aut
|
| 856 |
4 |
0 |
|u http://publicatio.bibl.u-szeged.hu/33735/1/aok_klny_378_78.pdf
|z Dokumentum-elérés
|